000 00989cam a2200361 4500
001 M98367
008 090401t1990 xxu||||| |||| 00| 0 eng d
035 _a(Sirsi) u93082
041 _aeng
050 _a692.3094
100 _aO`Loughlin, Gerry
245 _aMethods of measurement used in European countries.
260 _aDublin
_bSociety of Chartered Surveyors in the Republic of Ireland
_c1990
300 _a39p. ; 30cm.
350 _a0
650 _aBELGIUM
650 _aDENMARK
650 _aFINLAND
650 _aFRANCE
650 _aGERMANY
650 _aIRELAND
650 _aMeasurement
_96256
650 _aNETHERLANDS
650 _aPORTUGAL
650 _aSPAIN
650 _aSWITZERLAND
650 _aUNITED KINGDOM
690 _aQuantity surveying
_96263
710 _aSociety of Chartered Surveyors in the Republic of Ireland
_91971
710 _aComite Europeen des Economistes de la Construction
_93748
942 _n0
948 _c30/04/1999
999 _c97810
_d97810